| 000 | 00366nam a2200133Ia 4500 | ||
|---|---|---|---|
| 008 | 221216s9999||||xx |||||||||||||| ||und|| | ||
| 020 | _a9780333964392 | ||
| 040 | _cChuka University Library | ||
| 050 |
_aJQ 1872 _b.T67 2002 |
||
| 100 |
_aTordoff, William _91742 |
||
| 245 | 0 | _aGovernment and politics in Africa | |
| 260 |
_aMcmillan Press _bLondon _c2002 |
||
| 942 | _cBK | ||
| 999 |
_c2507 _d2507 |
||